Parties of US Presidents by year - Statistics

General Stats
  • This quiz has been taken 72 times
  • The average score is 24 of 29
Answer Stats
Hint Answer % Correct
1861-1865 Republican
91%
1885-1889 Democratic
89%
1893-1897 Democratic
89%
1797-1801 Federalist
89%
1865-1885 Republican
89%
1889-1893 Republican
89%
1897-1913 Republican
89%
1929-1837 Democratic
87%
1849-1861 Democratic
87%
1837-1845 Whig
87%
1865-1869 Democratic
85%
1913-1921 Democratic
85%
1933-1953 Democratic
85%
1961-1969 Democratic
85%
1977-1981 Democratic
85%
1993-2001 Democratic
85%
2009-2017 Democratic
85%
2021-Present Democratic
85%
1801-1829 Democratic Republican
85%
1921-1933 Republican
85%
1953-1961 Republican
85%
1969-1977 Republican
85%
1981-1993 Republican
85%
2001-2009 Republican
85%
2017-2021 Republican
85%
1845-1849 Democratic
83%
1849-1853 Whig
80%
1789-1797 Independent
67%
1865 National Union
50%
No matching quizzes found
Score Distribution
Percent of People with Each Score
Percentile by Number Answered
Your Score History
You have not taken this quiz